书目信息 |
| 题名: |
日本
|
|
| 作者: | 刘志功 著 | |
| 分册: | ||
| 出版信息: | 北京 旅游教育出版社 1994.8 |
|
| 页数: | 261页 | |
| 开本: | 19cm | |
| 丛书名: | 国际关系史系列教材 | |
| 单 册: | ||
| 中图分类: | K313.0 | |
| 科图分类: | ||
| 主题词: | 东亚--历史 | |
| 电子资源: | ||
| ISBN: | 7-5637-0590-2 | |
| 000 | 00654nam0 2200229 45 | |
| 001 | 0012250832 | |
| 005 | 20040513091113.4 | |
| 010 | @a7-5637-0590-2@dCNY8.90 | |
| 100 | @a20001225d1994 km y0chiy0120 ea | |
| 101 | 0 | @achi |
| 105 | @a z 000yy | |
| 200 | 1 | @a日本@ARi Ben@e历史与现状@ELi Shi Yu Xian Zhuang@f刘志功著@FLiu Zhi Gong Zhu |
| 210 | @a北京@c旅游教育出版社@d1994.8 | |
| 215 | @a261页@d19cm | |
| 225 | @a国际关系史系列教材 | |
| 410 | @12001 @a国际关系史系列教材 | |
| 517 | @a历史与现状@ALi Shi Yu Xian Zhuang | |
| 606 | 0 | @a东亚@x历史 |
| 690 | @aK313.0@v1 | |
| 701 | 0 | @a刘志功@4著 |
| 801 | @aCN@bTSTC@c20001225 | |
| 905 | @dK313.0@e31 | |
| 日本:历史与现状/刘志功著.-北京:旅游教育出版社,1994.8 |
| 261页;19cm.-(国际关系史系列教材) |
| ISBN 7-5637-0590-2:CNY8.90 |
| ● |
| 相关链接 |
|
|
|
|
正题名:日本
索取号:K313.0/31
 
预约/预借
| 序号 | 登录号 | 条形码 | 馆藏地/架位号 | 状态 | 备注 |
| 1 | 0294137 | 002941375 | 第二借阅区/ [索取号:K313.0/31] | 在馆 | |
| 2 | 0294138 | 002941384 | 第二样本阅览室/ [索取号:K313.0/31] | 在馆 |